[Event "Druzynowe Mistrzostwa Polski Juniorow<br"]
[Site "Osrodek Wczasowo - Szkoleniowy"]
[Date "2011.??.??"]
[Round "1.25"]
[White "Dowgird, Filip"]
[Black "Klepaczka, Tomasz"]
[Result "1-0"]
[WhiteElo "2110"]
[BlackElo "2119"]
[PlyCount "71"]
[EventDate "2011.??.??"]

1. Nf3 Nf6 2. g3 g6 3. Bg2 Bg7 4. O-O O-O 5. d3 d5 6. Nbd2 Nbd7 7. e4 dxe4 8.
dxe4 Nc5 9. e5 Ng4 10. Qe2 Qd5 11. Re1 Rd8 12. h3 Nh6 13. Ng5 Qd7 14. Nb3 Nxb3
15. axb3 Nf5 16. g4 Nd4 17. Qc4 e6 18. Bf4 Qb5 19. Qxb5 Nxb5 20. c3 c6 21. Red1
Bd7 22. c4 Nc7 23. Ne4 Na6 24. Bg5 Bxe5 25. Bf6 Bxf6 26. Nxf6+ Kg7 27. Nxd7 Nb4
28. Nc5 b6 29. Na4 Nc2 30. Rab1 Nd4 31. b4 f5 32. Nc3 e5 33. b5 e4 34. bxc6 Kf6
35. c7 Rd7 36. Nb5 1-0

[Event "Druzynowe Mistrzostwa Polski Juniorow<br"]
[Site "Osrodek Wczasowo - Szkoleniowy"]
[Date "2011.??.??"]
[Round "1.26"]
[White "Budzinski, Jan"]
[Black "Mondrzycki, Bartlomiej"]
[Result "1/2-1/2"]
[WhiteElo "1960"]
[BlackElo "2048"]
[PlyCount "87"]
[EventDate "2011.??.??"]

1. e4 c5 2. Nc3 e6 3. Nge2 a6 4. a4 Qc7 5. g3 Nc6 6. Bg2 Be7 7. O-O Nf6 8. f4
O-O 9. d3 Rb8 10. f5 b5 11. axb5 axb5 12. Nf4 b4 13. Nce2 d6 14. fxe6 fxe6 15.
Bh3 Nd8 16. Ng2 Bb7 17. Nef4 e5 18. Ne6 Qd7 19. Ng5 Qc7 20. Ne3 g6 21. Ng4 Bc8
22. Nxf6+ Bxf6 23. Bxc8 Qxc8 24. Qe2 Nc6 25. c3 bxc3 26. bxc3 Kg7 27. Qa2 Bxg5
28. Bxg5 Qg4 29. Qd2 Qh3 30. Rxf8 Rxf8 31. Qg2 Qg4 32. Be3 Qf3 33. Qxf3 Rxf3
34. Re1 Rf7 35. Ra1 Rf3 36. Re1 Rf7 37. Kg2 Ra7 38. Rb1 Nd8 39. Kf3 Ra3 40. Rb6
Nf7 41. Bd2 Kf6 42. h4 Ra2 43. Ke2 Ke6 44. Ke1 1/2-1/2

[Event "Druzynowe Mistrzostwa Polski Juniorow<br"]
[Site "Osrodek Wczasowo - Szkoleniowy"]
[Date "2011.??.??"]
[Round "1.27"]
[White "Piotrowski, Przemyslaw"]
[Black "Osinski, Emil"]
[Result "1/2-1/2"]
[WhiteElo "1953"]
[BlackElo "1685"]
[PlyCount "122"]
[EventDate "2011.??.??"]

1. d4 d5 2. c4 e6 3. Nf3 Nf6 4. g3 Be7 5. Bg2 O-O 6. O-O b6 7. Qc2 Bb7 8. Nc3
a6 9. Bf4 Bd6 10. Bxd6 Qxd6 11. Rfd1 Nbd7 12. Rac1 Rac8 13. cxd5 exd5 14. Qf5
Rfe8 15. h4 g6 16. Qg5 Kg7 17. Bh3 Rcd8 18. Re1 h6 19. Qd2 Ne4 20. Qc2 c6 21.
e3 Qf6 22. Bxd7 Rxd7 23. Ne5 Rde7 24. Nxe4 dxe4 25. b4 Qe6 26. Red1 Rc8 27. Qc4
b5 28. Qxe6 Rxe6 29. Nd7 Re7 30. Nc5 f5 31. Rc3 Kf6 32. Rdc1 Ba8 33. R1c2 Ra7
34. Ra3 Ke7 35. Rxa6 Rxa6 36. Nxa6 Kd6 37. Nc5 Rc7 38. Nb3 Bb7 39. Na5 Bc8 40.
Rc5 Be6 41. a3 Bd5 42. Kf1 g5 43. hxg5 hxg5 44. Rc1 Rh7 45. Kg2 g4 46. Rc3 Ra7
47. Rc2 Rc7 48. Rc1 Rh7 49. Ra1 Bc4 50. Nxc4+ bxc4 51. Rc1 Kd5 52. Rc3 Ra7 53.
Kf1 Rh7 54. Ke2 Rh1 55. a4 Ra1 56. b5 Rxa4 57. bxc6 Kxc6 58. Kd2 Kb5 59. Rc2
Kc6 60. Rb2 Ra3 61. Rc2 Kb5 1/2-1/2

[Event "Druzynowe Mistrzostwa Polski Juniorow<br"]
[Site "Osrodek Wczasowo - Szkoleniowy"]
[Date "2011.??.??"]
[Round "1.28"]
[White "Osinski, Kamil"]
[Black "Gajdamowicz, Patrick"]
[Result "1-0"]
[WhiteElo "1708"]
[BlackElo "1869"]
[PlyCount "61"]
[EventDate "2011.??.??"]

1. e4 e6 2. d4 d5 3. Nd2 a6 4. Bd3 c5 5. dxc5 Bxc5 6. Ngf3 Nc6 7. O-O Nf6 8.
Qe2 O-O 9. e5 Nd7 10. Nb3 Be7 11. c3 Qc7 12. Re1 h6 13. Bf4 Nc5 14. Nxc5 Bxc5
15. Qd2 Qe7 16. Bc2 f5 17. exf6 Qxf6 18. Bg3 Rf7 19. Qd3 g5 20. h3 Bd7 21. Re2
Raf8 22. Rf1 Ba7 23. Ne5 Rg7 24. Nxc6 Bxc6 25. Be5 Bb5 26. Qg3 Qe7 27. Bxg7
Kxg7 28. Bd3 Bb8 29. Qe3 Qd6 30. g3 Ba7 31. Qxa7 1-0

[Event "Druzynowe Mistrzostwa Polski Juniorow<br"]
[Site "Osrodek Wczasowo - Szkoleniowy"]
[Date "2011.??.??"]
[Round "1.29"]
[White "Chenska, Karolina"]
[Black "Tarnowska, Aleksandra"]
[Result "0-1"]
[WhiteElo "1662"]
[BlackElo "1814"]
[PlyCount "67"]
[EventDate "2011.??.??"]

1. e4 c5 2. Nf3 a6 3. d4 cxd4 4. Nxd4 Nf6 5. Nc3 e5 6. Nf3 Bb4 7. Bc4 Qc7 8.
Qd3 b5 9. Bd5 Nxd5 10. exd5 Bxc3+ 11. bxc3 d6 12. O-O Nd7 13. Nd2 Nc5 14. Qg3
f5 15. f4 e4 16. c4 O-O 17. cxb5 axb5 18. Nb3 Na4 19. Qf2 Nc3 20. Qd2 Qc4 21.
Bb2 Nxd5 22. Rfd1 Be6 23. Qd4 Qxd4+ 24. Nxd4 Nc7 25. Nxe6 Nxe6 26. Rxd6 Nxf4
27. g3 Nh5 28. a3 Rac8 29. c3 Rc5 30. Kf2 Nf6 31. h3 Nd5 32. Rd7 f4 33. Rc1 f3
34. h4 0-1

[Event "Druzynowe Mistrzostwa Polski Juniorow<br"]
[Site "Osrodek Wczasowo - Szkoleniowy"]
[Date "2011.??.??"]
[Round "1.30"]
[White "Szymczak, Paula"]
[Black "Lachowicz, Judyta"]
[Result "1-0"]
[WhiteElo "1705"]
[BlackElo "1695"]
[PlyCount "69"]
[EventDate "2011.??.??"]

1. e4 e5 2. Nf3 Nc6 3. Bb5 a6 4. Ba4 Bc5 5. O-O b5 6. Bb3 Nf6 7. d3 O-O 8. Bg5
h6 9. Bh4 Bb7 10. Nc3 g5 11. Bg3 d6 12. Nd5 Na5 13. Nxf6+ Qxf6 14. c3 Nxb3 15.
Qxb3 Bb6 16. Rfe1 Rfe8 17. Rad1 g4 18. Nh4 c5 19. Nf5 d5 20. Qc2 Bc7 21. Bh4
Qe6 22. Qe2 Kh7 23. Qxg4 Rg8 24. Qf3 c4 25. Ne3 dxe4 26. dxe4 Bd8 27. Bxd8
Raxd8 28. Nf5 Qf6 29. Qe3 Rg6 30. Ng3 Qe7 31. Nf5 Qf6 32. Qe2 Rdg8 33. g3 Bc8
34. Rd6 Qh8 35. Red1 1-0